000
00233 a2200097 4500
999
_c
325878
_d
325878
001
90805
003
NUST
082
_a
928.1 HAB
100
_a
Mohammad Habib
_9
9898
245
_a
Hazrat Amir Khusrau of Dehli
_c
Mohammad Habib
942
_a
CAE NUST
_c
BK
_k
928.1 HAB
_2
ddc